000
00269nam a22001217a 4500
008
180514b xxu||||| |||| 00| 0 eng d
041
_a
eng
080
_a
043.3
100
_a
0
101
_a
MBE-MTH
245
_a
Smart Kartelat (Smart Cards)
_c
Zeka,B
942
_2
udc
_c
BK
999
_c
45744
_d
45744